000 00470nam a2200157Ia 4500
008 240729s9999 xx 000 0 und d
022 _a2508-9145
245 0 _aJournal of Problem-Based Learning
260 _aKorea, Republic of
260 _bHalla Newcastle Education and Research Center
650 _a Theory and practice of education
650 _aEducation
856 _uhttps://doaj.org/toc/d9182ba48775475b9ad080956fd46324
942 _2ddc
942 _cDOAJEJ
999 _c70800
_d70800
945 _a1
_bMadushi Gamage
_c1
_dMadushi Gamage